| Tag |
First Indicator |
Second Indicator |
Subfields |
| LEADER |
00000cam a22000004a 4500 |
| 001 |
in00004516921 |
| 005 |
20191204154055.0 |
| 008 |
080819s2009 pauak b 001 0 eng |
| 010 |
|
|
|a 2008036707
|
| 016 |
7 |
|
|a 101481903
|2 DNLM
|
| 019 |
|
|
|a 244418134
|a 779903784
|
| 020 |
|
|
|a 9780803620667 (spiralbound)
|
| 020 |
|
|
|a 0803620667 (spiralbound)
|
| 020 |
|
|
|a 9789746521871 (pbk.)
|
| 020 |
|
|
|a 974652187X (pbk.)
|
| 035 |
|
|
|a (OCoLC)ocn244265662
|
| 035 |
|
|
|a (OCoLC)244265662
|z (OCoLC)244418134
|z (OCoLC)779903784
|
| 035 |
|
|
|z (UtOrBLW)56410
|
| 035 |
|
|
|a 80043
|
| 040 |
|
|
|a DNLM/DLC
|c DLC
|d YDX
|d NLM
|d YDXCP
|d TSU
|d BTCTA
|d BAKER
|d IG#
|d IOJ
|d VXH
|d KMS
|d TULIB
|d TMV
|d UtOrBLW
|
| 042 |
|
|
|a pcc
|
| 049 |
|
|
|a TMVM
|c 1
|
| 050 |
0 |
0 |
|a RD734
|b .N67 2009
|
| 060 |
0 |
0 |
|a 2009 J-888
|
| 060 |
1 |
0 |
|a WE 300
|b N841m 2009
|
| 060 |
|
4 |
|a WE 300
|b N841m 2009
|
| 082 |
0 |
0 |
|a 612.7/5
|2 22
|
| 100 |
1 |
|
|a Norkin, Cynthia C.
|
| 245 |
1 |
0 |
|a Measurement of joint motion :
|b a guide to goniometry /
|c Cynthia C. Norkin, D. Joyce White ; photographs by Jocelyn Greene Molleur and Lucia Grochowska Littlefield ; illustrations by Timothy Wayne Malone ; technical advisor, George Kalem, III.
|
| 250 |
|
|
|a Fourth edition.
|
| 264 |
|
1 |
|a Philadelphia :
|b F.A. Davis,
|c [2009]
|
| 264 |
|
4 |
|c ©2009
|
| 300 |
|
|
|a xiii, 450 pages :
|b illustrations, forms ;
|c 28 cm.
|
| 336 |
|
|
|a text
|2 rdacontent
|b txt
|
| 337 |
|
|
|a unmediated
|2 rdamedia
|
| 338 |
|
|
|a volume
|2 rdacarrier
|b nc
|
| 504 |
|
|
|a Includes bibliographical references and index.
|
| 505 |
0 |
|
|a Part I. Introduction to goniometry -- Part II. Upper-extremity testing -- Part III. Lower-extremity testing -- Part IV. Testing of the spine and temporomandibular joint.
|
| 650 |
|
0 |
|a Joints
|x Range of motion
|x Measurement.
|
| 650 |
|
2 |
|a Arthrometry, Articular
|x methods.
|
| 650 |
|
2 |
|a Joint Diseases
|x diagnosis.
|
| 650 |
|
2 |
|a Joints
|x physiology.
|
| 700 |
1 |
|
|a White, D. Joyce.
|
| 999 |
|
|
|a MARS
|
| 999 |
f |
f |
|s fe9c0b36-a7c7-3635-b4b0-57817e39e4ee
|i 38eb4211-42c4-330e-8705-e78fd1f3a47d
|t 0
|
| 952 |
f |
f |
|p ric
|a Texas A&M University
|b Rellis Campus
|c Joint Library Facility
|d Remote Storage
|t 0
|e WE 300 N841m 2009
|h National Library of Medicine classification
|i unmediated -- volume
|m 3238902269809
|
| 998 |
f |
f |
|a WE 300 N841m 2009
|t 0
|l Remote Storage
|